000 00653nam a2200181Ia 4500
008 151018s9999 xx 000 0 und d
082 _bRBASDV29064
_a615.535
100 _aधीरेन गाला
245 _aआरोग्याची गुरुकिल्ली
250 _b1
260 _bनवनीत पब्लिकेशन मुंबई
_c1996
300 _a141
600 _aधीरेन गाला
630 _aआरोग्याची गुरुकिल्ली
700 _aधीरेन गाला
730 _aआरोग्याची गुरुकिल्ली
942 _cBOOK
999 _c1028630
_d1028627